University Home | Library Home | Institutional Repository

Macroeconomics : (Record no. 8104)

MARC details
000 -LEADER
fixed length control field 00613cam2a220021700 4500
001 - CONTROL NUMBER
control field zam00002341
008 - FIXED-LENGTH DATA ELEMENTS--GENERAL INFORMATION
fixed length control field 951128s1980 xx eng u
035 ## - SYSTEM CONTROL NUMBER
System control number (Sirsi) r87983
035 ## - SYSTEM CONTROL NUMBER
System control number (MACHINE)SLC.
100 ## - MAIN ENTRY--PERSONAL NAME
Personal name Gwartney, J. D.
Linkage A47571.1
245 10 - TITLE STATEMENT
Title Macroeconomics :
Remainder of title private and public choice.
260 ## - PUBLICATION, DISTRIBUTION, ETC.
Date of publication, distribution, etc. 1980.
591 ## -
-- Class code: EC 410.
591 ## -
-- Course: Economic development.
591 ## -
-- School: S05.
591 ## -
-- Lecturer: Mr. MWANZA, A.M.
591 ## -
-- Number of Students: 105.
949 ## - LOCAL PROCESSING INFORMATION (OCLC)
a HB172.5
w lcc
m MAIN
p 2500
t SHORTLOAN
l SHORTLOAN
909 ## -
-- Book
Holdings
Withdrawn status Lost status Source of classification or shelving scheme Damaged status Not for loan Home library Current library Shelving location Total Checkouts Full call number Barcode Date last seen Copy number Price effective from Koha item type
    Library of Congress Classification     Main Library Main Library Academic reserves/Short loan   HB172.5 4669-1001 08/12/2019 1 08/12/2019 Short Loan material
© 2026 - The University of Zambia Library - Koha v25.11